| 000 | 01530cam a22003614a 4500 | ||
|---|---|---|---|
| 001 | 12924005 | ||
| 005 | 20050408182905.0 | ||
| 008 | 020910s2003 ncu b 001 0 eng | ||
| 010 | _a 2002014630 | ||
| 020 | _a0333984609 (hardback) | ||
| 020 | _a0333984617 (paperback) | ||
| 040 |
_aDLC _cDLC _dDLC |
||
| 043 | _ae------ | ||
| 050 | 0 | 0 |
_aJN15 _b.N84 2003 |
| 082 | 0 | 0 |
_a341.2422 _221 _bNUG |
| 100 | 1 |
_aNugent, Neill. _98225 |
|
| 245 | 1 | 4 |
_aThe government and politics of the European Union / _cNeill Nugent. |
| 250 | _a5th ed. | ||
| 260 |
_aNew York : _bPalgrave Macmillan, _cc2003. |
||
| 300 |
_axxiii, 555p. ; _c24 cm. _bill.; |
||
| 490 | 0 | _aThe European Union Series ; | |
| 504 | _aIncludes bibliographical references (p. 534-546) and index. | ||
| 610 | 2 | 0 |
_aEuropean Union. _98226 |
| 610 | 2 | 0 |
_aCommission of the European Communities. _98227 |
| 610 | 2 | 0 |
_aCouncil of the European Communities. _98228 |
| 610 | 2 | 0 |
_aEuropean Parliament. _98229 |
| 610 | 2 | 0 |
_aCourt of Justice of the European Communities. _98230 |
| 650 | 0 |
_aEuropean Union countries _xPolitics and government. _98231 |
|
| 650 | 0 |
_aEuropean Union _98232 |
|
| 942 |
_2ddc _cBB |
||
| 999 |
_c12456 _d12456 |
||